000 00262nam a2200097Ia 4500
001 1300075
005 20260420095857.0
008 260420s9999 xx 000 0 und d
245 0 _aHALİDE EDİP'LE BİR GÜN
_cMUSTAFA ORAKÇI
260 _bTİMAŞ ÇOCUK YAYINLARI
999 _c1300075
_d1300075